Airlines That Serve Edmonton (YEG) - Statistics

General Stats
  • This quiz has been taken 22 times
  • The average score is 6 of 15
Answer Stats
Country Answer % Correct
Canada Air Canada
100%
Canada Westjet
95%
Netherlands KLM
79%
USA United Airlines
58%
USA Alaska Airlines
53%
Canada Swoop
47%
Canada Air Canada Express
42%
Canada Flair Airlines
37%
Canada Air North
32%
Canada Westjet Encore
26%
Canada Canadian North
21%
USA United Express
21%
Canada Sunwing Airlines
16%
Canada Central Mountain Air
11%
Canada Northwestern Air
5%
No matching quizzes found
Score Distribution
Percent of People with Each Score
Percentile by Number Answered
Your Score History
You have not taken this quiz